000 00241 a2200085 4500
020 _a9781138798120
100 _aSanjeev Vidyarthi
245 _aOne Idea Many Plans: An American City Design Concept in Independent India
260 _bRoutledge
_c2015
999 _c13191
_d13191